Normal view MARC view

Entry Personal Name

Number of records used in: 1

001 - CONTROL NUMBER

  • control field: 16009

003 - CONTROL NUMBER IDENTIFIER

  • control field: OSt

005 - DATE AND TIME OF LATEST TRANSACTION

  • control field: 20200210154307.0

008 - FIXED-LENGTH DATA ELEMENTS

  • fixed length control field: 200210|| aca||aabn | a|a d

040 ## - CATALOGING SOURCE

  • Original cataloging agency: OSt
  • Transcribing agency: OSt

100 ## - HEADING--PERSONAL NAME

  • Personal name: Routray, Sailen

670 ## - SOURCE DATA FOUND

  • Source citation: Work cat.: (OSt): Routray, Sailen, Thinking about water in uncertain times:, 2020

Powered by Koha